00688nam a22002057a 450000500170000001000150001702000270003203500140005903700090007308200090008210000290009124500400012025000060016026000350016627000630020130000280026494200200029299900190031295201510033120250724143118.0 aENG-146120 a9789395474658c2995.00 aEN-129652 bDBAD aS21 aBeck, Brenda E.F.983291 aHidden Paradigms/cBrenda E.F. Beck a1 aNew DelhibSanctum Booksc2025 a68 Medical Association Road, Darya GanjbNew Delhie110002 a470p. c22cm(hb)bIndex cENhS2ddcmBEC c212571d212571 001040718FICaBNbBNd2025-07-24eDelivery of Books Act Divisiong2995.00l0oS BECpEN-129652r2025-07-24 00:00:00t1v2995.00w2025-07-24yEN